000 00441nam a2200181Ia 4500
008 240925s9999 xx 000 0 und d
020 _a9788189866891
082 _a621.38043 RAO
100 _aRao ,K. Uma
245 0 _aSignals and Systems
250 _a1st
260 _aNA
_bNA
_c,2008.
300 _axxi,682p.
_bN.A
_fPhotocopy
500 _aIncludes Index
600 _aElectronic Engineering
650 _aTechnology
942 _cBK
999 _c10945
_d10945